Capitales se terminant par la lettre E - Statistiques

Statistiques générales
  • Ce quiz a été pris 491 fois
  • Le résultat moyen est 22 sur 34
Statistiques - réponses
Réponse % Correct
Lisbonne
89%
Rome
89%
Le Caire
87%
Andorre-la-Vieille
85%
Vienne
85%
Berne
83%
Varsovie
83%
Prague
80%
Copenhague
77%
La Havane
76%
La Valette
76%
Belgrade
74%
Skopje
66%
Nicosie
65%
Manille
63%
Vientiane
63%
Harare
62%
Libreville
62%
Lomé
62%
Port-au-Prince
62%
Saint-Domingue
61%
Brazzaville
60%
Malé
59%
Yaoundé
58%
Mascate
55%
San José
54%
São Tomé
52%
Douchanbé
51%
Lilongwe
51%
Basseterre
50%
Port-d’Espagne
50%
Gaborone
48%
Mbabane
47%
Sri Jayawardenapura Kotte
33%
Aucun quiz correspondant
Distribution des résultats
% des personnes avec chaque résultat
Percentile par nombre de réponses
Votre historique - résultats
Vous n’avez pas pris ce quiz